000 00732nam a22002057a 4500
003 DO-SdBNP
005 20171201115039.0
008 171201b 2008 sp||||| |||| 00| 0 spa d
020 _a970 221792 X (colección)
040 _aBPMSU
_bspa
_cBPMSU
245 0 0 _aLarousse easy english :
_bmétodo integral /
_ccoordinador editorial Aarón Alboukrek ; ilustraciones Isabelle Herbert, Fernando Puig Rosado
260 _aMéxico, D.F. :
_bLarousse,
_c2008
300 _a4v. :
_bil. ;
_c23 cm.
_e+ 4 CD-ROM's ; 3 DV's
500 _a4 niveles : 0,1,2,3
700 1 _aAlboukrek, Aarón,
_ecoordinador
700 1 _aHerbet, Isabelle
_eil.
700 1 _aPuig Rosado, Fernando
_eil.
942 _2ddc
_cBK
945 _aInventariado, 2017/MFF
999 _c13232
_d13232